Países que comienzan con O, Y y Z - Estadísticas

Estadísticas generales
  • Esta prueba ha sido intentada 17.916 veces
  • La puntuación promedio es 5 de 5
Estadísticas de respuestas
País % Correcto
Yemen
97%
Omán
96%
Zambia
95%
Zimbabue
90%
Yibuti
80%
No se encontraron pruebas coincidentes
Distribución de puntuación
Porcentaje de gente con cada puntuación
Porcentaje por número respondido
Historial de tus puntuaciones
No has intentado esta prueba.